| 000 | 00500nam a2200181Ia 4500 | ||
|---|---|---|---|
| 999 |
_c14644 _d14644 |
||
| 003 | OSt | ||
| 005 | 20201019101756.0 | ||
| 008 | 190216s9999||||xx |||||||||||||| ||und|| | ||
| 020 | _a9781907410352 | ||
| 040 | _coclc | ||
| 082 |
_a813.6 _bMEY/B |
||
| 100 |
_aMeyer, Stephenie _95866 |
||
| 245 | 0 |
_aBreaking Dawn / _cStephenie Meyer |
|
| 260 |
_bAtom , _c2008. _aLondon: |
||
| 300 | _a702p | ||
| 650 | _aEnglish-Fiction English | ||
| 942 |
_cBK _2ddc _h813.6 _iMEY/B _k813.6 _mMEY/B |
||